| 000 | 00763cab a2200253 4500 | ||
|---|---|---|---|
| 001 | WB2812-15 | ||
| 008 | 090401t1992 xxu||||| |||| 00| 0 eng d | ||
| 035 | _a(Sirsi) u59903 | ||
| 041 | _aeng | ||
| 245 | _aPollution in eastern Europe | ||
| 260 | _c1992 | ||
| 350 | _a0 | ||
| 490 |
_aFinancial Times _v18 March 1992, 12(1) |
||
| 520 | _aWestern investors in eastern Europe must expect to meet the cost of cleaning up polluted land to meet EC environmental standards. | ||
| 650 | _aEASTERN EUROPE | ||
| 650 | _aEC LAW | ||
| 650 | _aEUROPEAN BANJK FOR RECONSTRUCTION AND DEVELOPMENT | ||
| 650 | _aINVESTMENT | ||
| 650 | _aNUCLEAR WASTE | ||
| 650 | _aPOLLUTION | ||
| 690 | _aENVIRONMENTAL AND LAND CONSULTANCY | ||
| 942 | _n0 | ||
| 948 | _c04/03/1997 | ||
| 999 |
_c36851 _d36851 |
||